000 00292 a2200109 4500
001 58765
082 _a629.1388 KRI
090 _c36078
_d36078
100 _aKrieger F J.
245 _abehind the sputniks ; survey of soviet space sciences
260 _aWashington DC
_bPublic Affairs Press
942 _aNUST-CAE
_k629.1388 KRI
999 _c293838
_d293838